00419nam a2200157Ia 4500003000900000008004100009020002200050040001600072080001500088100001900103245005200122260002900174300001500203650001900218650002400237IN-BaIIA211028s9999 xx 000 0 eng d a978-1-118-48142-4 cIIA Library a530.1bSHE aShepherd, P. J 2aA Course in theoretical physicscP. J. Shepherd aWest SussexbWileyc2013 axvi, 465p. aQuantum theory aStatistical physics